Europe's deadlock : (Record no. 3522)

000 -LEADER
fixed length control field 00939nam a22002535i 4500
001 - CONTROL NUMBER
control field 17767218
003 - CONTROL NUMBER IDENTIFIER
control field OSt
005 - DATE AND TIME OF LATEST TRANSACTION
control field 20180117090008.0
008 - FIXED-LENGTH DATA ELEMENTS--GENERAL INFORMATION
fixed length control field 130606s2013 ctu 000 0 eng
010 ## - LIBRARY OF CONGRESS CONTROL NUMBER
LC control number 2013942358
020 ## - INTERNATIONAL STANDARD BOOK NUMBER
International Standard Book Number 9780300201208 (cl)
040 ## - CATALOGING SOURCE
Original cataloging agency DLC
Language of cataloging eng
Description conventions rda
Transcribing agency DLC
042 ## - AUTHENTICATION CODE
Authentication code pcc
100 1# - MAIN ENTRY--PERSONAL NAME
Personal name Marsh, David.
245 10 - TITLE STATEMENT
Title Europe's deadlock :
Remainder of title how the euro crisis could be solved - and why it won't happen /
Statement of responsibility, etc. David Marsh.
260 ## - PUBLICATION, DISTRIBUTION, ETC.
Place of publication, distribution, etc. London
Name of publisher, distributor, etc. Yale university press
Date of publication, distribution, etc. 2013
263 ## - PROJECTED PUBLICATION DATE
Projected publication date 1306
300 ## - PHYSICAL DESCRIPTION
Extent 130p
906 ## - LOCAL DATA ELEMENT F, LDF (RLIN)
a 0
b ibc
c orignew
d 2
e epcn
f 20
g y-gencatlg
942 ## - ADDED ENTRY ELEMENTS (KOHA)
Source of classification or shelving scheme
Koha item type Book
Holdings
Withdrawn status Lost status Source of classification or shelving scheme Damaged status Not for loan Collection code Permanent Location Current Location Shelving location Date acquired Total Checkouts Full call number Barcode Checked out Date last seen Date last checked out Price effective from Koha item type
            Central Library (CL) Central Library (CL) General Stacks 07/28/2016 1 332.094 MAR S3H-S-565 11/07/2018 10/08/2018 10/08/2018 07/28/2016 Book
            Central Library (CL) Central Library (CL) General Stacks 07/28/2016   332.094 MAR S3H-S-566   07/28/2016   07/28/2016 Book
© 2023 Central Library, National University of Sciences and Technology. All Rights Reserved.